00299nam a2200121Ia 4500008004100000100002900041245002300070260003000093300000800123650002200131942000700153999001700160190216s9999||||xx |||||||||||||| ||und|| aAttoor Krishan Pisharody 0aKerala Sakunthalam bAttoor Publicationsc1979 a231 aMalayalam Nadakam cBK c27070d27070